COMPARISON OF MAIZE ( ZEA MAYS L.) VARIETIES IN DRY SEASON CONDITION ON SANDY LOAM SOIL ការប្រៀធៀបពូជពោតក្រោមលក្ខណ្ឌរដូវប្រាំងលើដីល្បាយខ្សាច់ (Record no. 18197)

000 -LEADER
fixed length control field 00626nam a22001337a 4500
040 ## - CATALOGING SOURCE
Transcribing agency RUA
082 ## - DEWEY DECIMAL CLASSIFICATION NUMBER
Classification number AGR MUY 2017 B646 Or.1
100 ## - MAIN ENTRY--AUTHOR NAME
Personal name MUY KUNTHEA មុយ គន្ធា
245 ## - TITLE STATEMENT
Title COMPARISON OF MAIZE ( ZEA MAYS L.) VARIETIES IN DRY SEASON CONDITION ON SANDY LOAM SOIL ការប្រៀធៀបពូជពោតក្រោមលក្ខណ្ឌរដូវប្រាំងលើដីល្បាយខ្សាច់
260 ## - PUBLICATION, DISTRIBUTION, ETC. (IMPRINT)
Place of publication RUA
Name of publisher phnom penh
Year of publication 2017
300 ## - PHYSICAL DESCRIPTION
Number of Pages xii;74p
Other physical details ill;
Dimensions 29cm
856 ## - ELECTRONIC LOCATION AND ACCESS
Uniform Resource Identifier https://drive.google.com/file/d/1VnhbX_0uJGxUrYJtPnhVQTAedD1QxKkY/view?usp=sharing
942 ## - ADDED ENTRY ELEMENTS (KOHA)
Koha item type AGR
952 ## - LOCATION AND ITEM INFORMATION (KOHA)
Withdrawn status [LOCAL, KOHA] 0
952 ## - LOCATION AND ITEM INFORMATION (KOHA)
Withdrawn status [LOCAL, KOHA] 0
952 ## - LOCATION AND ITEM INFORMATION (KOHA)
Withdrawn status [LOCAL, KOHA] 0
952 ## - LOCATION AND ITEM INFORMATION (KOHA)
Withdrawn status [LOCAL, KOHA] 0
952 ## - LOCATION AND ITEM INFORMATION (KOHA)
Withdrawn status [LOCAL, KOHA] 0
952 ## - LOCATION AND ITEM INFORMATION (KOHA)
Withdrawn status [LOCAL, KOHA] 0
Holdings
Permanent Location Date acquired Koha item type Lost status Shelving location Barcode Current Location Full call number
Library Block B2019-08-27AGR B646A44371Library Block BAGR MUY 2017 B646 Or.1
Library Block B2019-08-27AGR B646A44406Library Block BAGR MUY 2017 B646 Or.2
Library Block B2019-08-27AGR B646A44516Library Block BAGR MUY 2017 B646 Or.3
Library Block B2019-08-27AGR B646A44591Library Block BAGR MUY 2017 B646 Or.4
Library Block B2019-08-27AGR B646A44626Library Block BAGR MUY 2017 B646 Or.5
Library Block B2019-08-27AGR B646A43649Library Block BAGR MUY 2017 B646 Or.6
មជ្ឈមណ្ឌលឯការនៃសាកលវិទ្យាល័យភូមិន្ទកសិកម្មចំការដូង

Powered by Koha